000 00557nam a2200205Ia 4500
005 20250923145115.0
008 008 250917s9999 xx 000 0 eng d
037 _aTextual
040 _aDSWL
_beng
_cDSWL
041 _aeng
_2eng
084 _aY:4511.73, N58
_qDSWL
100 _aMagee, Bryan
_9831856
245 0 _aOne in twenty
_cby Bryan Magee
260 _aLondon
_bSecker & Warburg
_c1966
300 _a304 p.
365 _aINR
_b21
925 _g21
942 _cTEXL
_hY:4511.73, N58
999 _c1447184
_d1447184